Escritos políticos.

Uloženo v:
Podrobná bibliografie
Hlavní autor: Bolívar, Simón 1783-1830
Další autoři: Soriano, Graciela (selección, introducción)
Médium: Kniha
Jazyk:španělština
Vydáno: Madrid, España: Alianza, 1971.
Vydání:Segunda edición.
Edice:El Libro de Bolsillo. Sección Clásicos, 175.
Témata:
Tagy: Přidat tag
Žádné tagy, Buďte první, kdo vytvoří štítek k tomuto záznamu!

MARC

LEADER 00000nam a2200000 a 4500
001 UCI6615
003 CL-VaPUC
005 20250313110308.0
008 080516e19710000SP |||||||||||||||||spa|d
999 |c 330070  |d 330068 
040 |c Pontificia Universidad Católica de Valparaíso 
082 0 4 |a 320.01 BOL 1971   |2 21 
100 |a Bolívar, Simón   |d 1783-1830  |9 265422 
245 1 0 |a Escritos políticos. 
250 |a Segunda edición.  
260 |a Madrid, España:   |b Alianza,  |c 1971. 
300 |a 194 páginas.  
490 0 |a El Libro de Bolsillo. Sección Clásicos, 175. 
500 |a c.2 Donación Familia Prof. Alejandro Guzmán Brito. 
583 |a last modification  |c 20080516 00:00:00  |k Rodrigo Vera 
650 0 |a Filosofía política  |9 295215 
700 |a Soriano, Graciela  |9 301847  |e selección  |e introducción  
942 |c BK  |2 ddc  |n 0 
945 |d 20080516 00:00:00  |a jtorresc 
952 |0 0  |1 0  |4 0  |6 320_010000000000000_BOL_1971  |7 0  |8 A  |9 415359  |a BIBHIS  |b BIBHIS  |d 2019-11-22  |i 4439368  |o 320.01 BOL 1971  |p 4439368  |r 2025-01-20  |w 2019-11-22  |y BK  |k HIS